Statistics for September 22nd: Birthdays

Click here to take the quiz!

General Stats

  • This quiz has been taken 3 times
  • The average score is 2 of 10

Answer Stats

YearClueAnswer% Correct
1958Opera TenorAndrea Bocelli
67%
1957Part of The Bad SeedsNick Cave
67%
1791Invented 1st electric motorMichael Faraday
33%
1927Baseball Hall of Fame managerTommy Lasorda
33%
1515Queen of EnglandAnne of Cleves
0%
1982Actress in Dr WhoBillie Piper
0%
1870Tennis Champion Charlotte Cooper
0%
1962New Zealand CricketerMartin Crowe
0%
1895Actor in JuarezPaul Muni
0%
1882WWII GeneralWilhelm Keitel
0%

Score Distribution

Percentile by Number Answered

Percent of People with Each Score

Your Score History

You have not taken this quiz